Jeu de genres musicaux - Statistiques

Statistiques générales
  • Ce quiz a été pris 349 fois
  • Le résultat moyen est 12 sur 24
Statistiques - réponses
actes musicaux genre % Correct
The Rolling Stones | The Who Rock
99%
Michael Jackson | Céline Dion Pop
96%
2Pac | Jay-Z Rap
94%
Jacques Loussier | Louis Armstrong Jazz
92%
Iron Maiden | Black Sabbath Heavy Metal
87%
Bob Marley | Jimmy Cliff Reggae
82%
Hector Berlioz | Maurice Ravel Classique
75%
Bee Gees | Village People Disco
61%
Aretha Franklin | Al Green Soul
58%
Psy | Rain K-Pop
57%
Nirvana | Pearl Jam Grunge
53%
The Clash | The Ramones Punk
53%
B.B. King | Muddy Waters Blues
52%
D'Angelo | Luther Vandross R&B
45%
Garth Brooks | Dolly Parton Country
44%
Parliament | Sly and the Family Stone Funk
42%
Charles Gounod | Georges Bizet Opera
34%
David Guetta | Modjo House
33%
Woody Guthrie | Joan Baez Folklorique
24%
João Gilberto | Sérgio Mendes Bossa Nova
19%
Fela Kuti | Antibalas Afrobeat
8%
Big Bad Voodoo Daddy | Glenn Miller Swing
8%
Scott Joplin | Jelly Roll Morton Ragtime
7%
Yanni | Enya New Age
4%
Aucun quiz correspondant
Distribution des résultats
% des personnes avec chaque résultat
Percentile par nombre de réponses
Votre historique - résultats
Vous n’avez pas pris ce quiz